[Event "Kurnosov Memorial Rapid 2020"]
[Site "Chelyabinsk"]
[Date "2020.09.05"]
[Round "6.3"]
[White "Esipenko, Andrey"]
[Black "Savchenko, Boris"]
[Result "1/2-1/2"]
[WhiteElo "2682"]
[BlackElo "2564"]
[Annotator "TA"]
[PlyCount "64"]
[EventDate "2020.09.04"]
[EventType "swiss"]
[EventCountry "RUS"]
[SourceTitle "playchess.com"]
[Source "ChessBase"]
[SourceQuality "1"]

{[%evp 9,64,14,43,59,45,-7,76,72,96,62,68,20,13,0,0,-2,-2,-9,0,-6,29,22,22,21,18,0,1,0,0,3,1,1,0,4,10,0,0,0,0,0,0,0,0,0,0,0,0,0,0,0,0,0,0,0,0,0,0]} 1. c4 c5 2. Nf3 Nf6 3. Nc3 d5 4. cxd5 Nxd5 5. e3 g6 6. Qa4+ {A34: Symmetrical English: 2 Nc3, lines with ...d5.} Nc6 7. Ne5 {[#]} ({Better is} 7. Bb5 $14 e6 8. Ne5) 7... Qc7 $146 (7... Bd7 $1 $11 {remains equal.} 8. Nxc6 (8. Nxd5 Nxe5 9. Bb5 Bg7 $15) (8. Nxd7 Qxd7 9. Bb5 Bg7 $11) 8... Bxc6) ({Predecessor:} 7... Nxc3 8. bxc3 Qd5 9. Nxc6 bxc6 10. Bb2 e5 11. Rc1 Bg7 12. Ba3 Be6 13. c4 Qd6 {1-0 (32) Kaposztas,M (2300)-Berebora,F (2315) Eger 1987}) 8. Bb5 $16 {White is better.} ({Of course not} 8. Nxd5 Qxe5 9. Nb6 Rb8 $11) 8... Ndb4 9. Nxc6 bxc6 10. Bc4 Bf5 11. O-O Bd3 12. Bxd3 Nxd3 13. b3 Rd8 14. Ba3 e5 15. Qc4 Be7 {The position is equal.} 16. Na4 {[%cal Ra4c5]} O-O 17. Rfd1 Rd5 18. Nb2 Rfd8 19. Nxd3 Rxd3 20. Bxc5 Bxc5 21. Qxc5 R8d5 22. Qc4 (22. Qb4 {keeps more tension.} c5 23. Qe4 Qd6 24. h3 Qf6 25. f3) 22... Rxd2 23. Rxd2 Rxd2 $11 {[%mdl 4096] Endgame KQR-KQR} 24. h3 Qd6 25. Qc3 h5 26. Qa5 e4 27. Qxa7 Rxf2 {[%mdl 64] [#] Threatens to win with ...Qg3! Decoy} 28. Kxf2 Qf6+ {[%mdl 64] Double Attack} 29. Ke2 Qb2+ 30. Kf1 Qxa1+ 31. Kf2 Qb2+ 32. Kg1 Qa1+ {Accuracy: White = 87%, Black = 86%.} 1/2-1/2

[Event "Kurnosov Memorial Rapid 2020"]
[Site "Chelyabinsk"]
[Date "2020.09.05"]
[Round "6.4"]
[White "Fedoseev, Vladimir"]
[Black "Khanin, Semen"]
[Result "1/2-1/2"]
[WhiteElo "2678"]
[BlackElo "2482"]
[Annotator "TA"]
[PlyCount "188"]
[EventDate "2020.09.04"]
[EventType "swiss"]
[EventCountry "RUS"]
[SourceTitle "playchess.com"]
[Source "ChessBase"]
[SourceQuality "1"]

{[%evp 11,188,1,8,0,10,0,-3,-18,-6,5,29,0,6,22,18,17,18,-15,21,20,21,3,4,0,0,0,13,4,4,5,5,10,27,16,17,0,0,-7,0,-20,-20,-27,-29,-41,0,0,0,0,4,0,19,24,23,0,94,101,139,85,132,35,192,185,203,210,198,207,137,15,15,15,15,15,15,15,15,15,15,15,15,15,15,8,653,621,1198,1618,1637,1469,1456,1111,1969,333,1466,1254,1936,191,191,191,213,191,191,191,191,191,191,191,388,191,1419,191,191,191,191,191,191,191,545,529,1530,1339,1253,184,1168,878,4610,4610,4610,4610,4610,4610,4610,4610,4610,4586,2321,8,8,8,8,8,8,8,8,8,8,8,8,8,8,0,8,8,8,8,8,8,8,8,8,8,8,8,8,8,8,8,8,8,8,8,8,8,8,0,8,0,8,8,8]} 1. d4 Nf6 2. c4 e6 3. Nf3 d5 4. Nc3 Nbd7 5. e3 Bb4 6. Qc2 O-O 7. a3 {E34: Nimzo-Indian: Classical: 4...d5.} Bxc3+ 8. Qxc3 c5 {[#]} 9. b4 $146 ({Predecessor:} 9. dxc5 Nxc5 10. b4 Nce4 11. Qd4 dxc4 12. Qxd8 Rxd8 13. Bxc4 Bd7 14. Bb2 Rac8 15. Rc1 Nd6 16. Bb3 Rxc1+ 17. Bxc1 Bb5 18. Ne5 Rc8 19. Bb2 {½-½ (51) Nikolov,S (2418)-Georgiev,V (2574) Albena 2011}) 9... cxd4 10. Qxd4 Re8 11. cxd5 e5 $1 {[%cal Re5d4]} 12. Qd1 e4 13. Nd2 Ne5 14. Nc4 Bg4 15. Qd4 $1 Qxd5 16. Bb2 Nxc4 17. Bxc4 Qg5 18. h3 Rad8 19. Qc5 Qxc5 20. bxc5 Be6 $132 {[%mdl 2048] Black is not keeping still} 21. Rc1 Bxc4 (21... Rc8 {with more complications.} 22. Bb5 Re7 23. O-O a6 24. Ba4 Rec7) 22. Rxc4 Nd7 23. Ke2 Nb8 24. h4 h5 25. Rh3 f6 26. Rg3 Kf7 27. f3 Nc6 28. fxe4 Re7 29. Rf3 Rde8 (29... Red7 {looks sharper.} 30. Rc2 Kg6 31. Rf1 Re8 32. Rc4 Rde7) 30. Rf4 Ne5 31. Bxe5 Rxe5 $11 {[%mdl 4096] Endgame KRR-KRR} 32. Kd3 R8e7 (32... Rc8 $11) 33. Rf5 $1 $16 Ke6 34. c6 (34. Rxe5+ $142 Kxe5 35. Rd4) 34... b5 35. Rc5 ({White should play} 35. Rxe5+ $1 $16 fxe5 36. Rc5) 35... Rc7 $2 {[#]} (35... Kd6 $14 36. c7 (36. Rxb5 Rxe4 {[%mdl 64] Double Attack} 37. Rfd5+ Kxc6 $11) 36... Rxc5 37. Rxc5 Rxc7 38. Rxb5 (38. Rxh5 a6 $14) 38... Rc5) 36. Kd4 $1 $18 {[%cal Rc5e5]} ({Don't play} 36. Rxh5 $6 Rxh5 37. Rxh5 a6 $16) ({Resist} 36. Rxb5 $6 Rxc6 37. Rfxe5+ (37. Rxh5 Rxh5 38. Rxh5 Ra6 $16) 37... fxe5) 36... Rxf5 37. exf5+ {KR-KR} ({Not} 37. Rxf5 Rxc6 38. Rxb5 Ra6 $11) 37... Kd6 38. Rxb5 Rxc6 39. Rb7 (39. Ra5 $16) 39... Ra6 $11 40. e4 Ra4+ 41. Ke3 {Threatens to win with Kf4.} Rxa3+ 42. Kf4 Ra1 $1 43. Rxg7 Rf1+ 44. Ke3 Re1+ 45. Kf3 Rf1+ $1 46. Ke2 Rf4 $2 {[%mdl 8192]} (46... Ra1 $11) 47. Ke3 $18 Rf1 {If Black can now play ...Re1+ this consolidates a bit.} 48. Rxa7 Re1+ 49. Kf3 Rf1+ 50. Ke2 Rb1 51. Ra5 $2 (51. g3 Rb3 52. Kf2) 51... Rh1 $2 (51... Ke7 52. Ra8 Rh1) 52. g3 Rb1 53. Rd5+ $2 (53. Ra7 Rb3 54. Rg7) 53... Ke7 54. Rd3 Ra1 55. Ke3 Rf1 56. Rb3 {Strongly threatening Rb7+.} Re1+ 57. Kf4 Rf1+ {[#]} 58. Rf3 $1 {[%cal Rf3f1]} Rg1 $2 (58... Re1 {might work better.} 59. Rb3 Kf8 60. Rb8+ Kg7) 59. Rf2 (59. e5 $142 Rc1 60. e6) 59... Kd6 $2 (59... Kf7 60. Rc2 Rf1+ 61. Ke3 Ra1) 60. Rd2+ $2 (60. Rb2 Rf1+ 61. Ke3) 60... Ke7 61. Kf3 Rf1+ 62. Rf2 Re1 63. Rb2 {Hoping for Rb7+.} Rf1+ $2 (63... Kf8 {is more resistant.} 64. Rb8+ Kg7 65. Rb7+ Kg8 66. Rb8+ Kg7 67. Rb7+ Kg8) 64. Ke2 Rg1 {aiming for ...Rg2+.} 65. Kf2 Ra1 66. Rb6 $2 (66. Rb7+ Kd6 67. Rb6+ Ke7 68. Rb8) 66... Ra3 $2 (66... Kf7 67. Rb7+ Kg8) 67. Rb7+ Kd6 68. Rf7 Ke5 69. Re7+ Kd4 70. Re6 Rb3 71. Kg2 Ra3 72. Rxf6 Kxe4 73. Re6+ $2 (73. Rh6 $18 {f6 is the strong threat.} Ra2+ 74. Kh3) 73... Kxf5 $11 {The position is equal.} 74. Rh6 Ra5 $1 75. Kh3 (75. Kh2 {seems wilder.} Ke4 76. Rh7 Rf5 77. Ra7 Kd5 78. Ra6) 75... Ke4 76. Rg6 Rb5 77. Rg8 Rf5 78. Kg2 Ra5 79. Rf8 $1 Rf5 80. Rg8 Ra5 81. Rg7 Rb5 82. Kh3 Ra5 83. Rf7 Rf5 84. Ra7 Rb5 85. Ra6 Kf5 86. Rc6 Ra5 87. Rb6 $1 Rc5 88. Rh6 Ke4 89. Rf6 Rf5 90. Ra6 Rb5 91. Ra8 Kf5 92. Ra6 Ke4 93. Rf6 Rf5 94. Rb6 Ke5 {Blacks defense is rewarded with a draw. Accuracy: White = 78%, Black = 66%.} 1/2-1/2

[Event "Kurnosov Memorial Rapid 2020"]
[Site "Chelyabinsk"]
[Date "2020.09.05"]
[Round "6.5"]
[White "Kezin, Roman"]
[Black "Rakhmanov, Aleksandr"]
[Result "0-1"]
[WhiteElo "2470"]
[BlackElo "2645"]
[Annotator "TA"]
[PlyCount "104"]
[EventDate "2020.09.04"]
[EventType "swiss"]
[EventCountry "RUS"]
[SourceTitle "playchess.com"]
[Source "ChessBase"]
[SourceQuality "1"]

{[%evp 9,104,21,27,8,9,0,19,23,21,20,14,14,25,20,35,0,23,4,25,24,42,54,56,0,8,0,54,0,108,84,99,0,20,0,14,-29,-13,-50,-39,-60,-50,-55,-65,-60,-25,-64,0,-12,-12,-44,-41,-57,-44,-56,-67,-54,-20,-28,0,0,0,0,0,-17,0,-44,-44,-44,-44,-44,-44,-45,-26,-45,0,-46,-46,-66,-47,-123,-123,-199,-216,-227,-225,-274,-263,-296,-281,-302,-246,-368,-368,-701,-700,-819,-754]} 1. c4 e5 2. Nc3 Bb4 3. Nd5 a5 4. a3 Bc5 5. Nf3 d6 6. d4 {A21: English Opening: 1...e5 2 Nc3.} exd4 7. Nxd4 Ne7 8. Bg5 {The position is equal.} f6 9. Bf4 {[#]} Nxd5 $146 ({Predecessor:} 9... O-O 10. e3 Nbc6 11. Nb5 Nxd5 12. cxd5 Ne5 13. Be2 Bd7 14. O-O Ng6 15. Bg3 Bb6 {½-½ (34) Koestner,W (2306)-Krebs,J (2331) GER email 2018}) 10. cxd5 f5 11. e3 O-O {[#] ...g5 is the strong threat.} 12. h4 Qf6 13. Rc1 Re8 {aiming for ...Bxd4.} 14. Be2 $36 {[%mdl 2048] White fights for an advantage.} Na6 15. Bg5 Qe5 16. Bf4 Qf6 17. Bg5 Qe5 18. Bf4 (18. Rc3 $14 Bxd4 19. Qxd4) 18... Qe4 (18... Qf6 $1 $11 {remains equal.}) 19. O-O {Strongly threatening Ne6!} Qe7 20. Nf3 (20. Ne6 $16) 20... Bb6 $11 21. Bb5 Rf8 22. Qc2 Nc5 23. b4 Ne4 24. Ng5 h6 25. Nxe4 fxe4 26. Bg3 Bf5 27. Qb3 Rf7 (27... g5 $15) 28. Be2 axb4 29. axb4 Raf8 30. Rfd1 Qf6 31. Bh5 g6 32. Be2 Ra8 33. Qc3 Qe7 34. Ra1 Raf8 35. Ra2 g5 36. h5 Qd7 37. Rda1 (37. Qc4 {seems wilder.} Re7 38. Rda1 Qe8 39. Bd1 Bd7 40. Qc3) 37... Bg4 38. Qc2 Bxe2 39. Qxe2 Qf5 40. Qc4 Qg4 41. Ra8 Kh7 42. Rxf8 (42. Qb5 $5 {[%cal Ra8f8]}) 42... Rxf8 43. Qc2 Re8 44. Ra3 (44. Qa4 $15 Rf8 45. Qb5) 44... Qxh5 $17 45. Rc3 (45. Qa2 $17) 45... Qf7 $19 46. Qd1 h5 47. Rc4 Kg6 48. Qa4 Kh6 49. Qc2 h4 50. Bh2 (50. Bxh4 $142 gxh4 51. Rxe4 Rxe4 52. Qxe4) 50... Qxd5 51. g4 $2 {[#]} (51. Qc1) 51... Qe6 52. Qe2 Rf8 {Accuracy: White = 59%, Black = 84%.} 0-1

[Event "Kurnosov Memorial Rapid 2020"]
[Site "Chelyabinsk"]
[Date "2020.09.05"]
[Round "6.6"]
[White "Volkov, Sergey"]
[Black "Matlakov, Maxim"]
[Result "0-1"]
[WhiteElo "2570"]
[BlackElo "2685"]
[Annotator "TA"]
[PlyCount "90"]
[EventDate "2020.09.04"]
[EventType "swiss"]
[EventCountry "RUS"]
[SourceTitle "playchess.com"]
[Source "ChessBase"]
[SourceQuality "1"]

{[%evp 16,90,8,11,14,0,2,-16,12,12,0,-44,-48,-18,-14,-47,-43,-68,-77,-122,-115,-113,-119,-151,-118,-150,-155,-139,-141,-175,-178,-194,-186,-189,-176,-191,-191,-195,-195,-329,-330,-327,-305,-305,-304,-355,-363,-364,-364,-362,-356,-345,-303,-464,-474,-495,-483,-515,-409,-525,-395,-591,-590,-751,-458,-1172,-911,-2532,-2301,-5969,-5118,-29983,-29983,-29980,-29981,-29978,-29979]} 1. d4 Nf6 2. c4 e6 3. Nc3 d5 4. Bg5 Be7 5. e3 h6 6. Bxf6 Bxf6 7. Qb3 c6 8. Nf3 O-O 9. Rd1 Nd7 {D55: Queen's Gambit Declined: 4 Bg5 Be7: Lines without ...h6 and 6...h6 7 Bxf6.} 10. Be2 a6 11. Qc2 g6 {The position is equal.} 12. O-O Bg7 13. e4 {[%cal Re4d5]} dxc4 14. Bxc4 b5 15. Be2 Qe7 {[#]} 16. e5 $146 ({Predecessor:} 16. Rfe1 Bb7 17. Bf1 Rfd8 18. a4 Rac8 19. axb5 cxb5 20. Qb3 Nb6 21. h3 Bf8 22. Re3 {0-1 (64) Boensch,U (2553)-Bacrot,E (2677) Germany 2018}) 16... c5 $1 {Black continues to play with concentration.} 17. Ne4 {[%cal Re4c5]} cxd4 18. Qc7 Qd8 $1 $36 {[%cal Rd8c7][%mdl 2048] Black has strong initiative.} 19. Qc6 Rb8 20. Rxd4 Nxe5 21. Rxd8 Nxc6 22. Rxf8+ Kxf8 23. Rc1 Rb6 24. b3 Ke7 25. a4 f5 26. a5 Nxa5 27. Rc7+ {[#]} (27. Rxc8 $142 fxe4 28. Nd2) 27... Kd8 $1 $19 {[%cal Rd8c7]} 28. Rxg7 {Hoping for Nc5.} fxe4 29. Nd2 Rc6 30. b4 Rc2 31. bxa5 Rxd2 {[%mdl 4096] Endgame KRB-KRB} 32. Kf1 b4 {White must now prevent ...b3.} 33. Ke1 Rd5 34. Bd1 (34. Rxg6 $142 Rxa5 35. Bc4) 34... Rxa5 35. Rxg6 Ra1 36. Kd2 a5 {[%cal Ba6a5,Ba5a4,Ba4a3][%mdl 32]} 37. Rxh6 Ra2+ 38. Ke3 (38. Kc1 {was the only chance.} Rxf2 39. Rh5) 38... a4 39. h4 a3 40. h5 {[#]} (40. Rh5 $142 Ra1 41. Bb3) 40... Rxf2 $3 {[%mdl 512] aiming for ...a2.} 41. Rh8+ {[#]} (41. Kxf2 a2) 41... Kc7 $1 42. Bb3 Rxg2 43. h6 Rg3+ {Black mates.} 44. Kf4 Rxb3 45. h7 {[#]} Rh3 $1 {Accuracy: White = 32%, Black = 85%.} 0-1

[Event "Kurnosov Memorial Rapid 2020"]
[Site "Chelyabinsk"]
[Date "2020.09.05"]
[Round "6.7"]
[White "Aleksandrov, Aleksej"]
[Black "Predke, Alexandr"]
[Result "1/2-1/2"]
[WhiteElo "2608"]
[BlackElo "2684"]
[Annotator "TA"]
[PlyCount "96"]
[EventDate "2020.09.04"]
[EventType "swiss"]
[EventCountry "RUS"]
[SourceTitle "playchess.com"]
[Source "ChessBase"]
[SourceQuality "1"]

{[%evp 19,96,6,13,0,0,11,10,0,0,0,9,0,0,3,6,6,6,0,8,0,0,0,0,0,0,0,0,0,3,0,4,-8,-8,-8,-8,-8,-7,-25,-8,-17,-9,-16,-9,-15,-8,-8,-8,-8,0,0,0,0,0,0,0,0,0,-8,0,0,0,-8,-8,-8,-8,-8,-8,-8,-8,-8,-8,-8,-8,-8,-8,-8,-8,-8,-8]} 1. d4 Nf6 2. c4 e6 3. Nc3 d5 4. Nf3 Bb4 5. Qa4+ Nc6 6. cxd5 exd5 7. Bg5 h6 8. Bxf6 Qxf6 9. e3 O-O 10. Be2 Be6 11. a3 {D38: Queen's Gambit Declined: Ragozin Defence (4 Nf3 Bb4).} Bxc3+ 12. bxc3 Ne7 13. c4 c5 14. O-O dxc4 15. Bxc4 Bxc4 16. Qxc4 cxd4 {[#]} 17. Qxd4 $146 ({Predecessor:} 17. Nxd4 Rac8 18. Qb5 Nc6 19. Qxb7 Nxd4 20. exd4 Qxd4 21. Rfd1 Qc5 22. g3 Rfd8 23. h4 g6 24. a4 Kg7 {½-½ (24) Beltins,G (2050)-Duszynski,J (2230) ICCF email 2017}) 17... Qxd4 18. Nxd4 Rfc8 19. Rfc1 Rxc1+ 20. Rxc1 Rc8 21. Rxc8+ Nxc8 $11 {[%mdl 4096] Endgame KN-KN} 22. Kf1 Nd6 23. Ke2 Nc4 24. Nc2 Kf8 25. h3 Ke7 26. Kd3 Ne5+ 27. Kd4 Kd6 28. e4 Nc6+ 29. Kc4 {The position is equal.} Ke5 30. Kd3 $1 b5 31. g3 g5 32. Ne3 h5 33. Nd5 f5 34. f4+ gxf4 35. gxf4+ Kd6 36. Nf6 fxe4+ 37. Kxe4 h4 38. f5 b4 39. axb4 Nxb4 40. Ne8+ Ke7 41. Nc7 a5 {[%cal Ba7a5,Ba5a4][%mdl 32]} 42. Kf4 a4 {[#] Hoping for ...a3.} 43. Nb5 Kf6 44. Kg4 Nc2 45. Kxh4 Kxf5 46. Kg3 Ke5 47. h4 Nd4 48. Na3 Nf5+ {A rather calm draw. Accuracy: White = 100%, Black = 100%.} 1/2-1/2

[Event "Kurnosov Memorial Rapid 2020"]
[Site "Chelyabinsk"]
[Date "2020.09.05"]
[Round "6.8"]
[White "Iljiushenok, Ilia"]
[Black "Demidov, Mikhail"]
[Result "0-1"]
[WhiteElo "2516"]
[BlackElo "2519"]
[Annotator "TA"]
[PlyCount "95"]
[EventDate "2020.09.04"]
[EventType "swiss"]
[EventCountry "RUS"]
[SourceTitle "playchess.com"]
[Source "ChessBase"]
[SourceQuality "1"]

{[%evp 14,95,56,56,56,52,81,66,69,48,51,64,59,68,162,77,125,146,177,200,189,186,185,176,168,28,208,12,16,-25,44,9,6,-34,0,0,67,50,58,54,55,42,31,35,58,12,19,0,2,0,0,0,0,0,38,-29,-17,-15,-21,-132,-134,-175,-149,-303,-333,-306,-281,-384,-376,-386,-360,-386,-266,-246,-285,-416,-420,-516,-518,-565,-565,-545,-529,-626]} 1. e4 Nf6 2. e5 Nd5 3. d4 d6 4. c4 Nb6 5. f4 g6 6. Nc3 dxe5 7. fxe5 c5 8. d5 $1 Bg7 {B03: Alekhine's Defence: Four Pawns Attack.} 9. Bf4 $1 O-O {[#]} 10. Qd2 $1 e6 $1 {White is slightly better.} 11. O-O-O exd5 12. cxd5 c4 13. Nf3 Na6 {[#]} (13... Re8 $1 $14) 14. h3 $146 (14. Bh6 $1 $18 {and White stays clearly on top.}) ({Predecessor:} 14. Ne4 Bf5 15. Nd6 Bd3 16. Bxd3 cxd3 17. Qxd3 Qd7 18. Kb1 Qa4 19. Qe4 Nb4 20. a3 {1-0 (64) Kuzevanova,E (2124)-Shapiro,V (2276) St Petersburg 2005}) 14... Bf5 15. g4 Bd3 16. Bxd3 cxd3 17. Qxd3 Rc8 18. Kb1 Nc4 19. Rc1 (19. Ne4 $18) 19... Qb6 $2 (19... Qa5 $11) 20. Rh2 $2 ({White must play} 20. Qe2 $18) 20... Nb4 $11 21. Qe4 Rfe8 (21... Na3+ $11 22. Ka1 Rc4) 22. Re2 Qa6 23. Ka1 (23. d6 {looks sharper.} Nxd6 24. Qxb4 Rxc3 25. Rec2 Rxc2 26. Rxc2 Nc8 27. Qb3) 23... Nxe5 (23... Bf8 {with more complications.} 24. Rd1 Nxb2 25. Kxb2 Rc4 26. Rd4 Rec8) 24. Nxe5 (24. Bxe5 $2 Nxa2 25. Kb1 Nxc1 $19) 24... Nxa2 ({Black should play} 24... Bxe5 $11 25. Qxb4 (25. Bxe5 $2 Nxa2 26. Kb1 Nxc1 $19) 25... Rxc3 {[%mdl 64] Remove Defender} 26. Qxc3 (26. bxc3 Qxe2 27. Bxe5 Qxe5 $11) 26... Qxe2 27. Bxe5 Rxe5) 25. Nxa2 $14 Rxc1+ 26. Bxc1 {And now Qf4 would win.} Rxe5 27. Qxe5 Bxe5 28. Rxe5 Qf1 29. g5 Qd1 30. Re8+ Kg7 31. Rd8 f5 {Strongly threatening ...f4.} 32. gxf6+ Kxf6 33. d6 Ke6 34. b4 ({Better is} 34. Re8+ $14 Kd7 35. Re7+ Kxd6 36. Rxh7 (36. Rxb7 Qh5 $14)) 34... Qd4+ 35. Bb2 Qh4 36. Rb8 (36. Re8+ $11 Kxd6 37. Re3) 36... Qxh3 $17 37. Nc3 Kxd6 38. Ne4+ $2 (38. Ka2 $17 {was necessary.}) 38... Kc6 $19 39. Nc3 a6 40. Ka2 Qe6+ 41. Ka3 g5 42. Rh8 Qg6 43. Rc8+ Kd7 44. Rc5 (44. Rc4 $142) 44... g4 45. Nd5 g3 {...g2 is the strong threat.Black is clearly winning.} 46. Nf6+ Ke6 47. Nh5 {Hoping for Nf4+.} Qg4 {Threatens to win with ...g2.} 48. Re5+ {Never resign too early! Accuracy: White = 37%, Black = 66%.} 0-1

[Event "Kurnosov Memorial Rapid 2020"]
[Site "Chelyabinsk"]
[Date "2020.09.05"]
[Round "6.9"]
[White "Sarana, Alexey"]
[Black "Yudin, Sergei"]
[Result "1-0"]
[WhiteElo "2654"]
[BlackElo "2497"]
[Annotator "TA"]
[PlyCount "91"]
[EventDate "2020.09.04"]
[EventType "swiss"]
[EventCountry "RUS"]
[SourceTitle "playchess.com"]
[Source "ChessBase"]
[SourceQuality "1"]

{[%evp 22,91,0,0,0,0,0,0,0,0,26,27,22,20,94,31,31,35,33,32,43,39,33,32,33,39,34,16,27,23,35,15,13,14,15,0,0,0,0,0,0,0,0,0,0,0,0,0,0,0,0,0,0,0,0,0,2,0,0,0,0,0,0,0,0,0,1311,1309,29996,29997,29997,29998]} 1. d4 d5 2. Nf3 e6 3. c4 c6 4. Nbd2 Nf6 5. g3 Bd6 6. Bg2 O-O 7. O-O Nbd7 8. Qc2 Re8 9. e4 Nxe4 10. Nxe4 dxe4 11. Qxe4 e5 12. Bg5 f6 {E01: Catalan: Early deviations.} 13. Bd2 exd4 14. Qxd4 Ne5 {The position is equal.} 15. Bc3 Bh3 {aiming for ...Nxf3+.} 16. Rfd1 {Threatens to win with Nxe5.} Bxg2 17. Kxg2 {[#]} Bc7 $146 {[#]} (17... Nf7 $11 {remains equal.}) ({Predecessor:} 17... Nxf3 18. Qxd6 Ng5 19. Qd7 Qe7 20. Qxe7 Rxe7 21. h4 Ne6 22. Bb4 c5 23. Bc3 Rd8 24. Rxd8+ Nxd8 {½-½ (60) Tomashevsky,E (2658)-Mateuta,G (2504) Plovdiv 2008}) 18. Qe4 (18. Nxe5 $1 $16 Qxd4 19. Bxd4 fxe5 20. Bc5) 18... Qc8 $14 19. Bxe5 Bxe5 20. Qc2 Qc7 21. Rd3 Rad8 22. Rad1 Rxd3 23. Rxd3 Qf7 24. b3 Bc7 25. Qd2 {Black must now prevent Rd7.} Bb6 26. Rd7 Re7 27. Rxe7 Qxe7 28. Qd3 Qc5 29. Qe2 Kf7 30. h4 Qe7 31. Qd3 Qc5 32. Qd7+ Kf8 33. Qd2 Ke7 34. Qc2 g6 35. Qe2+ Kf7 36. Nd2 Qe7 37. Ne4 Bd4 38. Qd3 c5 39. Qf3 Kg7 40. Qf4 b6 41. h5 gxh5 42. Qf5 Qe5 43. Qd7+ Kg6 $2 {[%mdl 8192] [#]} (43... Kh6 $11 44. f3 f5 45. Qc6+ Kg7 46. Qd7+ Kh6 47. Qc6+ Kg7 48. Qd7+ Kh6) 44. Nd6 $18 Qe2 45. Qf7+ Kh6 46. Qf8+ {Accuracy: White = 94%, Black = 83%.} 1-0

[Event "Kurnosov Memorial Rapid 2020"]
[Site "Chelyabinsk"]
[Date "2020.09.05"]
[Round "6.10"]
[White "Bryakin, Mikhail"]
[Black "Vitiugov, Nikita"]
[Result "0-1"]
[WhiteElo "2448"]
[BlackElo "2722"]
[Annotator "TA"]
[PlyCount "86"]
[EventDate "2020.09.04"]
[EventType "swiss"]
[EventCountry "RUS"]
[SourceTitle "playchess.com"]
[Source "ChessBase"]
[SourceQuality "1"]

{[%evp 9,86,33,60,36,48,23,24,33,37,36,73,45,57,59,56,23,36,19,7,0,0,-5,14,28,33,20,19,22,58,54,70,42,39,38,37,20,36,18,31,0,26,-53,-54,-41,-38,-50,-50,-176,-143,-165,-162,-140,-142,-263,-218,-378,-370,-380,-384,-531,-514,-1077,-1019,-1068,-1008,-1828,-1761,-2087,-2020,-29989,-29990,-29995,-29994,-29994,-29991,-29991,-29991,-29997,-29997]} 1. d4 Nf6 2. c4 g6 3. Nc3 Bg7 4. e4 d6 5. h3 e5 6. d5 {E71: King's Indian: 4 e4 d6 5 h3.} a5 7. Be3 Na6 8. Nf3 {White has an edge.} Nc5 9. Nd2 h5 10. Be2 {[#]} Bh6 $146 ({Predecessor:} 10... h4 11. a3 Nh5 12. b4 Nf4 13. bxc5 Nxg2+ 14. Kf1 Nxe3+ 15. fxe3 Qg5 16. Bf3 Qxe3 17. Nb5 Qxc5 18. Ke2 c6 19. Nc7+ Kd8 20. Nxa8 {1-0 (22) Ovsejevitsch,S (2589)-Wind,E Gent 2011}) 11. Bxh6 Rxh6 12. h4 Kf8 13. Qc2 Rh8 14. b3 Kg7 15. Nf1 Bg4 16. f3 Bd7 17. Ne3 c6 18. Qd2 Qb6 19. Rb1 Rhd8 20. g3 Qa7 21. Kf1 Rab8 22. Kg2 cxd5 23. exd5 Re8 24. Rhe1 Ra8 25. a3 (25. Rf1 $11) 25... a4 $1 $36 {[%mdl 2048] White is under pressure.} 26. b4 Nb3 27. Qd3 Rac8 28. Ne4 {This costs White the game.} ({Better is} 28. b5 $15) 28... Nxe4 $19 29. fxe4 Rf8 30. Rbd1 Nd4 31. Rc1 {[#]} (31. Qd2 $17) 31... b5 $1 32. Rc3 $2 (32. Qd1 {is a better defense.}) 32... bxc4 33. Nxc4 Bb5 34. Qe3 Qa6 35. Bf1 (35. Bxh5 $142 Rxc4 36. Rxc4 Bxc4 37. Rc1) 35... Bxc4 36. Bxc4 Rxc4 37. Qd3 Rfc8 38. Rec1 Rxc3 39. Qxa6 Rxc1 {Black mates.} 40. Kf2 R1c2+ 41. Ke1 Nf3+ 42. Kf1 R8c3 43. Qxd6 Re3 {Accuracy: White = 47%, Black = 91%.} 0-1

[Event "Kurnosov Memorial Rapid 2020"]
[Site "Chelyabinsk"]
[Date "2020.09.05"]
[Round "6.11"]
[White "Bocharov, Dmitry"]
[Black "Stupak, Kirill"]
[Result "1/2-1/2"]
[WhiteElo "2524"]
[BlackElo "2520"]
[Annotator "TA"]
[PlyCount "26"]
[EventDate "2020.09.04"]
[EventType "swiss"]
[EventCountry "RUS"]
[SourceTitle "playchess.com"]
[Source "ChessBase"]
[SourceQuality "1"]

{[%evp 9,26,0,0,-5,0,0,0,0,0,4,38,32,38,-18,-24,-95,-99,-104,-98]} 1. c4 c5 2. Nc3 g6 3. g3 Bg7 4. Bg2 Nc6 5. d3 d6 6. Qd2 {A36: Symmetrical English vs ...g6: 4 Bg2 Bg7.} e5 7. b3 Nge7 8. Bb2 {The position is equal.} O-O 9. h4 h6 {[#]} 10. h5 $146 ({Predecessor:} 10. O-O-O f5 11. Nh3 a6 12. f4 b5 13. h5 gxh5 14. Nd5 Rb8 15. Nf2 Be6 16. Nxe7+ Nxe7 17. Rxh5 {1-0 (27) Petrosyan,M (2613)-Bocharov,D (2524) Moscow 2019}) 10... g5 11. f4 (11. O-O-O $14) 11... Nf5 $1 $11 {[%cal Rf5g3]} 12. Ne4 {[#]} (12. fxg5 $11 {keeps the balance.} Qxg5 13. Ne4 (13. Qxg5 hxg5 14. Ne4 Nb4 $11)) 12... g4 $1 $17 13. fxe5 dxe5 {Accuracy: White = 74%, Black = 89%.} ({But not} 13... Bxe5 $6 14. Bxe5 dxe5 15. e3 $11) ({Of course not} 13... Nxe5 14. O-O-O $15) 1/2-1/2